Comprehensive Pakistan studies / (Record no. 194862)
[ view plain ]
| 000 -LEADER | |
|---|---|
| fixed length control field | 00726 a2200169 4500 |
| 003 - CONTROL NUMBER IDENTIFIER | |
| control field | Nust |
| 005 - DATE AND TIME OF LATEST TRANSACTION | |
| control field | 20230206103905.0 |
| 040 ## - CATALOGING SOURCE | |
| Transcribing agency | Nust |
| 082 ## - DEWEY DECIMAL CLASSIFICATION NUMBER | |
| Classification number | 954.9,RAB |
| 100 ## - MAIN ENTRY--PERSONAL NAME | |
| Personal name | Rabbani, M. Ikram |
| 9 (RLIN) | 108642 |
| 245 ## - TITLE STATEMENT | |
| Title | Comprehensive Pakistan studies / |
| Statement of responsibility, etc. | M. Ikram Rabbani and Monawwar Ali Sayyid |
| 260 ## - PUBLICATION, DISTRIBUTION, ETC. | |
| Place of publication, distribution, etc. | Lahore |
| Name of publisher, distributor, etc. | Caravan Book |
| 300 ## - PHYSICAL DESCRIPTION | |
| Extent | 338 p. |
| 505 ## - FORMATTED CONTENTS NOTE | |
| Formatted contents note | Establishment Of Pakistan (Page-1), History Of Pakistan (Page-102), The Establishment Of An Islamic State (Page-125), Geography Of Pakistan (Page-141), Pakistani Culture (Page-214), Pakistani Languages (Page-236), Economic Planning And Development (Page-245), Pakistan In The Comity Of Nations (Page-286). |
| 650 ## - SUBJECT ADDED ENTRY--TOPICAL TERM | |
| Topical term or geographic name entry element | Pakistan study |
| 9 (RLIN) | 3915 |
| 942 ## - ADDED ENTRY ELEMENTS (KOHA) | |
| Source of classification or shelving scheme | |
| Koha item type | Book |
| Withdrawn status | Lost status | Source of classification or shelving scheme | Damaged status | Not for loan | Permanent Location | Current Location | Shelving location | Date acquired | Total Checkouts | Full call number | Barcode | Date last seen | Date last checked out | Price effective from | Koha item type | Public note |
|---|---|---|---|---|---|---|---|---|---|---|---|---|---|---|---|---|
| Military College of Signals (MCS) | Military College of Signals (MCS) | General Stacks | 12/12/2016 | 5 | 954.9,RAB | MCS36501 | 06/12/2025 | 04/14/2025 | 12/12/2016 | Book | Almirah No.61, Shelf No.6 |
